00345nam a2200109Ia 4500008004100000082000800041100001200049245005700061942000600118952009600124999001500220240331s9999 xx 000 0 und d bSTU aSap. ed 2aA study on corrupt practicees and anti-corruption la cL 001040708LaWERCLbWERCLcSSCd2024-03-31l0o 340 STUp5951r2024-03-31w2024-03-31yL c4626d4626